Relatos Cómicos

Збережено в:
Бібліографічні деталі
Автор: Poe, Edgar Allan (Автор)
Формат: Книга
Мова:Іспанська
Опубліковано: Madrid M.E. editores 1993
Серія:Clásicos de siempre
Предмети:
Теги: Додати тег
Немає тегів, Будьте першим, хто поставить тег для цього запису!

MARC

LEADER 00000nam a2200000 a 4500
001 UCH6330
003 CL-VaPUC
008 091109e19930000SP |||||||||||||||||spa|d
020 |a 8449500052 
082 0 4 |a 813  |b POE  |2 21 
100 |a Poe, Edgar Allan  |e author  |9 313715 
245 1 0 |a Relatos Cómicos 
300 |a 159 p 
942 |c BK 
945 |d 20091109 00:00:00  |a lazolas 
260 |a Madrid  |b M.E. editores  |c 1993 
650 0 |a Cuentos estadounidenses  |9 265133 
650 0 |a Cuentos de terror  |9 450869 
650 0 |a Literatura estadounidense  |9 317168 
583 |a last modification  |c 20091109 00:00:00  |k Rodrigo Vera 
490 0 |a Clásicos de siempre 
999 |c 337237  |d 337235